| 000 | 00481nam a2200217 454500 | ||
|---|---|---|---|
| 001 | 077816 | ||
| 003 | BD-ChCU | ||
| 008 | Eng | ||
| 020 | _a | ||
| 040 |
_aDLC _cDLC _dBD-ChCU |
||
| 082 | 0 | 0 | _a181.11/LIP |
| 100 | 1 |
_aLi- Fu, Chen. _b- |
|
| 245 | 1 | 0 |
_aPhilosophy of life _b- |
| 250 | _a- | ||
| 260 |
_aN.Y., _bPhilosophical Library, _c1948 |
||
| 300 | _a148p | ||
| 504 | _a | ||
| 650 | 0 |
_aPhilosophy- Chinese _bPhilosophy, Chinese |
|
| 700 | 1 | _a- | |
| 942 |
_2ddc _cBK |
||
| 999 |
_c77816 _d77816 |
||